[Event "World Blitz 2023"]
[Site "Samarkand UZB"]
[Date "2023.12.29"]
[EventDate "2023.12.29"]
[Round "3.52"]
[Result "0-1"]
[White "Haowen Xue"]
[Black "Nikita Petrov"]
[WhiteElo "2155"]
[BlackElo "2521"]
[PlyCount "94"]

1. c4 e5 2. Nc3 Nf6 3. Nf3 Nc6 4. a3 g6 5. g3 Bg7 6. Bg2 O-O 7. O-O a5 8.
d3 d6 9. Rb1 Re8 10. Nd2 Ne7 11. b4 axb4 12. axb4 c6 13. b5 d5 14. bxc6
bxc6 15. cxd5 cxd5 16. Nc4 Be6 17. Nxe5 Qc7 18. Bb2 Reb8 19. d4 Rxb2 20.
Rxb2 Qxc3 21. Rc2 Qb4 22. e3 Ne4 23. Nd3 Qd6 24. Qc1 h5 25. Nf4 Bf5 26. Rc7
h4 27. gxh4 Bh6 28. Ne2 Ra2 29. Ng3 Nxg3 30. hxg3 Bd3 31. Re1 Bc4 32. Rc5
Nf5 33. Rxc4 dxc4 34. Qxc4 Rxf2 35. Kxf2 Qxg3+ 36. Kf1 Bxe3 37. Re2 Qxh4
38. Qc8+ Kg7 39. Qxf5 gxf5 40. Rxe3 Qxd4 41. Rg3+ Kf6 42. Rf3 f4 43. Rh3
Kg5 44. Rf3 Kg4 45. Ra3 Qd1+ 46. Kf2 Qd4+ 47. Kf1 Qc4+ 0-1

[Event "World Blitz 2023"]
[Site "Samarkand UZB"]
[Date "2023.12.29"]
[EventDate "2023.12.29"]
[Round "3.54"]
[Result "1-0"]
[White "Evgeny Tomashevsky"]
[Black "Gallego Alcaraz, Andres Felipe"]
[WhiteElo "2663"]
[BlackElo "2384"]
[PlyCount "64"]

1. c4 Nf6 2. Nf3 g6 3. Nc3 Bg7 4. g3 O-O 5. Bg2 d6 6. d4 Nc6 7. O-O e5 8.
dxe5 dxe5 9. Qxd8 Rxd8 10. Bg5 Be6 11. Nd2 h6 12. Bxf6 Bxf6 13. Nde4 Be7
14. Nd5 Bxd5 15. cxd5 Nb4 16. Rfd1 Kg7 17. Nc3 Bd6 18. a3 Na6 19. Rac1 Nc5
20. b4 Nd7 21. Nb5 Rdc8 22. e4 a6 23. Nxd6 cxd6 24. Bh3 Rxc1 25. Rxc1 Nf6
26. f3 a5 27. b5 b6 28. Rc6 Ne8 29. Rxb6 Kf8 30. Rb7 a4 31. Bd7 Ra5 32. Rb8
1-0

[Event "World Blitz 2023"]
[Site "Samarkand UZB"]
[Date "2023.12.29"]
[EventDate "2023.12.29"]
[Round "3.55"]
[Result "1/2-1/2"]
[White "Subramaniyam H Bharath"]
[Black "Chongsheng Zeng"]
[WhiteElo "2435"]
[BlackElo "2504"]
[PlyCount "62"]

1. d4 d5 2. Bf4 Nf6 3. e3 c5 4. Nd2 Nc6 5. c3 Bf5 6. Ngf3 e6 7. Qb3 Qc8 8.
Nh4 Bg6 9. Nxg6 hxg6 10. h3 Be7 11. Be2 a6 12. a4 c4 13. Qc2 b5 14. b4 O-O
15. O-O Qb7 16. Rfb1 Nd7 17. e4 Rac8 18. Bf3 Nf6 19. e5 Nd7 20. g3 Nb6 21.
a5 Na4 22. h4 Rfd8 23. h5 gxh5 24. Bxh5 Qd7 25. Kg2 Qe8 26. Bg4 g6 27. Nf3
Bf8 28. Rh1 Bg7 29. Bg5 Ne7 30. Rh3 Nf5 31. Rah1 1/2-1/2

[Event "World Blitz 2023"]
[Site "Samarkand UZB"]
[Date "2023.12.29"]
[EventDate "2023.12.29"]
[Round "3.56"]
[Result "1-0"]
[White "Jaloliddin Ilkhomi"]
[Black "Xiangyu Xu"]
[WhiteElo "2054"]
[BlackElo "2491"]
[PlyCount "88"]

1. Nf3 d5 2. d4 Bf5 3. Bf4 e6 4. e3 Bd6 5. Bg3 Ne7 6. Bd3 O-O 7. O-O Nbc6
8. c3 Re8 9. Qc2 Rc8 10. Nbd2 Bxd3 11. Qxd3 Nf5 12. Bxd6 cxd6 13. Rfe1 h6
14. e4 dxe4 15. Nxe4 d5 16. Ng3 Nd6 17. Ne5 Nxe5 18. Rxe5 b5 19. f4 Nc4 20.
Re2 Qd6 21. Nh5 Re7 22. Rf1 b4 23. Qg3 g6 24. Nf6+ Kg7 25. Qh4 bxc3 26.
bxc3 Rb7 27. Ng4 h5 28. Ne5 Qe7 29. Qg3 Qf6 30. Nd3 Nd6 31. Nc5 Rbc7 32.
Rfe1 Ne4 33. Rxe4 dxe4 34. Rxe4 Rc6 35. h3 Rd8 36. Qf3 Rcc8 37. Re2 Qf5 38.
Re5 Qb1+ 39. Kh2 Qxa2 40. Qb7 Kg8 41. Nxe6 fxe6 42. Rg5 Kf8 43. Rxg6 Qd5
44. Rf6+ 1-0

[Event "World Blitz 2023"]
[Site "Samarkand UZB"]
[Date "2023.12.29"]
[EventDate "2023.12.29"]
[Round "3.57"]
[Result "0-1"]
[White "Kazybek Nogerbek"]
[Black "Benjamin Haldorsen"]
[WhiteElo "2488"]
[BlackElo "2405"]
[PlyCount "76"]

1. d4 Nf6 2. c4 c5 3. d5 e6 4. Nc3 exd5 5. cxd5 d6 6. Nf3 g6 7. Nd2 Bg7 8.
e4 O-O 9. Be2 Ne8 10. O-O Na6 11. Nc4 Rb8 12. a4 f5 13. Bf4 fxe4 14. Qd2
Bf5 15. Nb5 Nac7 16. Nbxd6 Nxd6 17. Nxd6 Qd7 18. Nb5 Nxb5 19. Bxb5 Qd8 20.
Bxb8 Qxb8 21. Qg5 Qd6 22. Rad1 Bxb2 23. a5 Be5 24. g3 Bd4 25. Qh6 Bg4 26.
Rde1 Qxd5 27. Qc1 Kg7 28. Qc2 Bf3 29. Be2 Qh5 30. Bxf3 exf3 31. Kh1 Qh3 32.
Rg1 Qf5 33. Qb3 Rf7 34. Rgf1 Qh3 35. Rg1 Bxf2 36. Ref1 Bxg1 37. Rxg1 f2 38.
Qc3+ Kg8 0-1

[Event "World Blitz 2023"]
[Site "Samarkand UZB"]
[Date "2023.12.29"]
[EventDate "2023.12.29"]
[Round "3.58"]
[Result "0-1"]
[White "Grzegorz Nasuta"]
[Black "Ernur Amangeldy"]
[WhiteElo "2467"]
[BlackElo "2144"]
[PlyCount "54"]

1. e4 c5 2. Nf3 d6 3. d4 cxd4 4. Nxd4 Nf6 5. Nc3 Bd7 6. f3 e5 7. Nb3 Be7 8.
Be3 a5 9. a4 Nc6 10. Qd2 Nb4 11. Bb5 O-O 12. O-O Be6 13. Rad1 Rc8 14. Qf2
Nd7 15. Bxd7 Qxd7 16. Nxa5 f5 17. exf5 Bxf5 18. Rd2 d5 19. Nb3 d4 20. Nxd4
exd4 21. Bxd4 Qe6 22. Re1 Qf7 23. Rde2 Bf6 24. Bc5 Nxc2 25. Rxc2 Rxc5 26.
Qxc5 Bxc2 27. Nd5 0-1

[Event "World Blitz 2023"]
[Site "Samarkand UZB"]
[Date "2023.12.29"]
[EventDate "2023.12.29"]
[Round "3.59"]
[Result "1-0"]
[White "Bakhrom Bakhrillaev"]
[Black "Mohamed Tissir"]
[WhiteElo "1994"]
[BlackElo "2458"]
[PlyCount "62"]

1. d4 e6 2. c4 c5 3. d5 exd5 4. cxd5 d6 5. Nc3 Ne7 6. e4 Ng6 7. f4 Be7 8.
Nf3 O-O 9. Be2 Bg4 10. O-O a6 11. a4 Bf6 12. Be3 Re8 13. h3 Bxf3 14. Bxf3
Nd7 15. Qd2 Rc8 16. g4 Bxc3 17. bxc3 Nf6 18. Qd3 Qe7 19. Rae1 Nh4 20. Bh1
Qd7 21. a5 Nxg4 22. hxg4 Qxg4+ 23. Kf2 f5 24. Bc1 fxe4 25. Rxe4 Rf8 26. Qg3
Qh5 27. Bf3 Nxf3 28. Qxf3 Qxd5 29. Re7 Qa2+ 30. Qe2 Qxa5 31. Rg1 Rf7 1-0

[Event "World Blitz 2023"]
[Site "Samarkand UZB"]
[Date "2023.12.29"]
[EventDate "2023.12.29"]
[Round "3.60"]
[Result "1-0"]
[White "Daniyal Sapenov"]
[Black "Iturrizaga Bonelli, Eduardo"]
[WhiteElo "2289"]
[BlackElo "2645"]
[PlyCount "50"]

1. e4 c5 2. Nf3 e6 3. d4 cxd4 4. Nxd4 a6 5. Nc3 b5 6. Bd3 Bb7 7. O-O Bc5 8.
Nb3 Be7 9. a4 b4 10. Ne2 Nc6 11. f4 Nf6 12. Ng3 h5 13. e5 Qb6+ 14. Kh1 Ng4
15. Ne4 f5 16. exf6 gxf6 17. a5 Qa7 18. Qe2 f5 19. Ng5 Bxg5 20. fxg5 Nce5
21. Bf4 d6 22. Rad1 Kf7 23. h3 Kg6 24. Bxf5+ Kf7 25. Bxg4 1-0

[Event "World Blitz 2023"]
[Site "Samarkand UZB"]
[Date "2023.12.29"]
[EventDate "2023.12.29"]
[Round "3.61"]
[Result "1-0"]
[White "Giga Quparadze"]
[Black "O`gorman, Tom"]
[WhiteElo "2617"]
[BlackElo "2288"]
[PlyCount "108"]

1. e4 e5 2. Nf3 Nc6 3. Bb5 a6 4. Ba4 Nf6 5. O-O Be7 6. Re1 b5 7. Bb3 O-O 8.
a4 Bb7 9. d3 Re8 10. Nc3 Na5 11. Ba2 b4 12. Nd5 Nxd5 13. Bxd5 c6 14. Ba2 d6
15. Bd2 c5 16. c3 bxc3 17. Bxc3 Nc6 18. Qb3 Rb8 19. Qxf7+ Kh8 20. Bd5 Rf8
21. Qh5 Nd4 22. Bxd4 exd4 23. Bxb7 Rxb7 24. Rab1 Qe8 25. Qd5 Rb4 26. e5 Qf7
27. Qxf7 Rxf7 28. exd6 Bxd6 29. Re6 Rf6 30. Rxf6 gxf6 31. b3 Kg7 32. g3 Rb8
33. Kf1 Re8 34. Nd2 Kf7 35. Rc1 Ke6 36. Re1+ Kd7 37. Rxe8 Kxe8 38. Ke2 Kd7
39. Kf3 f5 40. h3 Ke6 41. g4 Be7 42. Nf1 Bd6 43. Ng3 fxg4+ 44. hxg4 Kd5 45.
Ne4 Be7 46. Kf4 Kc6 47. Nd2 Bh4 48. f3 Kd5 49. Kf5 Be7 50. g5 Bd8 51. f4
Be7 52. Ne4 Kc6 53. Ke6 Bd8 54. f5 1-0

[Event "World Blitz 2023"]
[Site "Samarkand UZB"]
[Date "2023.12.29"]
[EventDate "2023.12.29"]
[Round "3.62"]
[Result "0-1"]
[White "Nikolay Averin"]
[Black "Giovanni Vescovi"]
[WhiteElo "2283"]
[BlackElo "2593"]
[PlyCount "82"]

1. e4 Nc6 2. d4 d5 3. e5 Bf5 4. c3 e6 5. h4 f6 6. f4 Nh6 7. Nd2 Qd7 8. Ndf3
Be7 9. Bd3 O-O-O 10. Ne2 Be4 11. Be3 Ng4 12. Qd2 Na5 13. b3 c5 14. exf6
gxf6 15. dxc5 Nc6 16. O-O-O Qc7 17. Nh2 Rhg8 18. Nxg4 Rxg4 19. Rhg1 Rxh4
20. g3 Rh2 21. Bxe4 dxe4 22. Qc2 f5 23. Rh1 Rxh1 24. Rxh1 Bf8 25. Nd4 Bxc5
26. Kb1 Bxd4 27. cxd4 Rd7 28. Qc4 Qd6 29. Rh6 Re7 30. Qc2 Qd5 31. Qh2 Qb5
32. Kb2 Nb4 33. Rxh7 Rxh7 34. Qxh7 Qe2+ 35. Ka3 Nc2+ 36. Kb2 Nxe3+ 37. Ka3
Nc2+ 38. Kb2 Nxd4+ 39. Kc3 Qd3+ 40. Kb4 Nc2+ 41. Kc5 Qd5# 0-1

[Event "World Blitz 2023"]
[Site "Samarkand UZB"]
[Date "2023.12.29"]
[EventDate "2023.12.29"]
[Round "3.63"]
[Result "0-1"]
[White "Mikhail Markov"]
[Black "Kacper Piorun"]
[WhiteElo "2255"]
[BlackElo "2589"]
[PlyCount "100"]

1. c4 e5 2. Nc3 d6 3. g3 f5 4. Bg2 Nf6 5. d4 Be7 6. Nf3 e4 7. Ng5 c6 8. d5
h6 9. Nh3 Na6 10. O-O O-O 11. f3 exf3 12. exf3 Bd7 13. Re1 Re8 14. Nf4 Bf8
15. Be3 Kh7 16. Kh1 g5 17. Nd3 c5 18. a3 Bg7 19. Qc2 Kg8 20. Re2 Nc7 21.
Rae1 b5 22. b3 Rb8 23. a4 bxc4 24. bxc4 a6 25. Qc1 Nh7 26. Qc2 Qf6 27. Nd1
Qf7 28. N1f2 a5 29. Nd1 Na6 30. Nc3 Nb4 31. Nxb4 axb4 32. Nb5 Qf6 33. Bc1
Rxe2 34. Rxe2 Ra8 35. h3 Nf8 36. Kh2 Ng6 37. Qb3 f4 38. g4 Ne5 39. Bb2 Qe7
40. Kh1 Ra6 41. Nc7 Bxa4 42. Qd3 Qxc7 43. Qf5 Bd7 44. Qe4 Be8 45. Qf5 Qd7
46. Qb1 Bg6 47. Qd1 Nxc4 48. Bxg7 Qxg7 49. Kh2 Ne3 50. Qd2 Qc3 0-1

[Event "World Blitz 2023"]
[Site "Samarkand UZB"]
[Date "2023.12.29"]
[EventDate "2023.12.29"]
[Round "3.64"]
[Result "0-1"]
[White "Eldiar Orozbaev"]
[Black "Sergey Grigoriants"]
[WhiteElo "2236"]
[BlackElo "2532"]
[PlyCount "108"]

1. e4 c6 2. d4 d5 3. f3 e6 4. Nc3 Bb4 5. Bd2 Ne7 6. Nce2 Bxd2+ 7. Qxd2 dxe4
8. fxe4 e5 9. Nf3 exd4 10. Nexd4 O-O 11. O-O-O Nd7 12. Kb1 Qc7 13. h4 Nc5
14. Qe1 Bg4 15. h5 h6 16. Qh4 Be6 17. Bd3 Rfe8 18. g4 Qf4 19. Rdf1 Rad8 20.
Qe1 Bc8 21. g5 hxg5 22. h6 g6 23. h7+ Kg7 24. Ne2 Qe3 25. Qc3+ f6 26. Ne1
Nxe4 27. Qb3 Nd2+ 28. Ka1 Nxb3+ 29. axb3 Rh8 30. Ng2 Qc5 31. Nc3 Bf5 32.
Bc4 b5 33. Be2 Rxh7 34. Rhg1 b4 35. Na4 Qd4 36. Rd1 Rh2 37. Rxd4 Rxd4 38.
Bf3 Be4 39. Ne1 f5 40. Nc5 Rd5 41. Ne6+ Kf6 42. Nxg5 Bxf3 43. Ngxf3 Rd1+
44. Ka2 Re2 45. Rf1 Nd5 46. Rh1 Ne3 47. Rh8 Rexe1 48. Nxe1 Rxe1 49. Ra8 g5
50. Rxa7 g4 51. Ra8 g3 52. Rf8+ Ke7 53. Rg8 g2 54. Rg7+ Kf6 0-1

[Event "World Blitz 2023"]
[Site "Samarkand UZB"]
[Date "2023.12.29"]
[EventDate "2023.12.29"]
[Round "3.65"]
[Result "0-1"]
[White "Rojas Salas, Steven"]
[Black "Boris Savchenko"]
[WhiteElo "2210"]
[BlackElo "2513"]
[PlyCount "112"]

1. d4 Nf6 2. c4 e6 3. Nc3 Bb4 4. e3 d5 5. a3 Bxc3+ 6. bxc3 c5 7. cxd5 Nxd5
8. c4 Nf6 9. Nf3 O-O 10. Bd3 Nc6 11. O-O b6 12. Bb2 Bb7 13. Qe2 Qe7 14.
Rac1 Rfd8 15. Rfe1 Rac8 16. Bb1 Na5 17. Ne5 Be4 18. Ba2 Nd7 19. f3 Nxe5 20.
fxe4 Ng6 21. e5 Qg5 22. Rf1 Rc7 23. Bb1 Rcd7 24. Rf3 cxd4 25. Rg3 Qxe5 26.
Rf1 Nc6 27. Qf3 Qc7 28. exd4 Nxd4 29. Qh5 Qc5 30. Qxc5 bxc5 31. Re1 Rb8 32.
Bxd4 Rxd4 33. Bd3 Ne7 34. h3 g6 35. Rf3 Rb3 36. Bf1 Rxf3 37. gxf3 Nc6 38.
Rb1 Ne5 39. Rb7 Nxf3+ 40. Kf2 Nd2 41. Be2 Nxc4 42. Rxa7 Nb6 43. Bb5 c4 44.
Rc7 Rd2+ 45. Ke1 Rd3 46. a4 Rxh3 47. a5 Rb3 48. Bc6 Nd5 49. Rc8+ Kg7 50. a6
Ne7 51. a7 Ra3 52. a8=Q Rxa8 53. Rxa8 Nxc6 54. Kd2 Ne7 55. Kc3 Nd5+ 56. Kd4
0-1

[Event "World Blitz 2023"]
[Site "Samarkand UZB"]
[Date "2023.12.29"]
[EventDate "2023.12.29"]
[Round "3.66"]
[Result "1-0"]
[White "Rustam Khusnutdinov"]
[Black "Sinisa Drazic"]
[WhiteElo "2499"]
[BlackElo "2276"]
[PlyCount "92"]

1. Nc3 d5 2. d4 Nf6 3. Bf4 a6 4. e3 Bf5 5. Nf3 e6 6. Ne5 h6 7. Bd3 Bxd3 8.
cxd3 Nbd7 9. Qb3 Rb8 10. Rc1 Bd6 11. h3 O-O 12. O-O Qe7 13. Rc2 Rfd8 14.
Rfc1 Nf8 15. Na4 c6 16. Nc5 Rdc8 17. Qa4 Ne8 18. Bh2 f6 19. Nf3 Bxh2+ 20.
Nxh2 Nd7 21. b4 Nd6 22. Qb3 Kh8 23. Nf3 Rd8 24. Re1 Qf7 25. e4 Nb5 26. Rce2
Re8 27. a4 Nxc5 28. bxc5 Nc7 29. e5 f5 30. Rb1 Re7 31. Reb2 Ne8 32. Qd1 g5
33. Nh2 Ng7 34. Kf1 f4 35. a5 Rg8 36. Ng4 Nf5 37. Nf6 Rg6 38. Rb4 Rxf6 39.
exf6 Rd7 40. Qe2 Qxf6 41. Qe5 Qxe5 42. dxe5 Rg7 43. Rxb7 Nd4 44. Rxg7 Kxg7
45. Rb6 Nb3 46. Rxb3 1-0

[Event "World Blitz 2023"]
[Site "Samarkand UZB"]
[Date "2023.12.29"]
[EventDate "2023.12.29"]
[Round "3.67"]
[Result "1-0"]
[White "Bardiya Daneshvar"]
[Black "Mergen Kakabayev"]
[WhiteElo "2483"]
[BlackElo "2255"]
[PlyCount "58"]

1. d4 d5 2. c4 c6 3. Nf3 Nf6 4. e3 e6 5. Nbd2 Nbd7 6. b3 Bd6 7. Bb2 O-O 8.
Bd3 Re8 9. O-O e5 10. dxe5 Nxe5 11. Nxe5 Bxe5 12. Bxe5 Rxe5 13. Nf3 Bg4 14.
h3 Bxf3 15. Qxf3 Qe7 16. Rfd1 Rd8 17. Rac1 g6 18. Qf4 Kg7 19. Bb1 h5 20.
Qd4 c5 21. Qb2 d4 22. exd4 cxd4 23. Bd3 h4 24. Bf1 Re4 25. Qd2 Qe5 26. Bd3
Rf4 27. Re1 Qg5 28. Kh1 Rd7 29. Re2 1-0

[Event "World Blitz 2023"]
[Site "Samarkand UZB"]
[Date "2023.12.29"]
[EventDate "2023.12.29"]
[Round "3.68"]
[Result "1-0"]
[White "Ilia Iljiushenok"]
[Black "Harold Wanyama"]
[WhiteElo "2479"]
[BlackElo "2228"]
[PlyCount "78"]

1. e4 c5 2. c3 Nf6 3. e5 Nd5 4. Nf3 e6 5. d4 cxd4 6. cxd4 Qc7 7. Bd2 d6 8.
Nc3 Nxc3 9. Bxc3 Nd7 10. Bd3 Be7 11. Rc1 Qb8 12. Qe2 dxe5 13. dxe5 a6 14.
O-O b5 15. Rfd1 Nc5 16. Bb1 Bb7 17. Bd4 Nd7 18. a3 O-O 19. Bc3 Nc5 20. Bb4
Rc8 21. Bxc5 Bxc5 22. Ng5 h6 23. Nxf7 Kxf7 24. Qh5+ Kg8 25. Rd7 Bxf2+ 26.
Kxf2 Qa7+ 27. Ke2 Bf3+ 28. Qxf3 Qxd7 29. Rd1 Qf7 30. Bh7+ Kf8 31. Qe4 Qh5+
32. Ke1 Ra7 33. Rd2 Rc1+ 34. Kf2 Qg5 35. Qd4 Rf7+ 36. Ke2 Qh5+ 37. Kd3 g6
38. Qd8+ Kg7 39. Qg8# 1-0

[Event "World Blitz 2023"]
[Site "Samarkand UZB"]
[Date "2023.12.29"]
[EventDate "2023.12.29"]
[Round "3.69"]
[Result "1-0"]
[White "Mukhammadzokhid Suyarov"]
[Black "Miraziz Kuziev"]
[WhiteElo "2449"]
[BlackElo "2196"]
[PlyCount "122"]

1. e4 e5 2. Nf3 Nc6 3. Bb5 a6 4. Ba4 Nf6 5. O-O b5 6. Bb3 Bc5 7. Re1 d6 8.
c3 h6 9. a4 Rb8 10. axb5 axb5 11. d4 Bb6 12. h3 O-O 13. Be3 Re8 14. Nbd2
exd4 15. cxd4 Nb4 16. Bxf7+ Kxf7 17. Qb3+ Nbd5 18. exd5 Bb7 19. Qxb5 Bxd5
20. Qd3 Kg8 21. b4 Qd7 22. b5 Qf7 23. Nh2 Re7 24. Bf4 Rbe8 25. Rxe7 Qxe7
26. Be3 Qf7 27. Nhf1 Ne4 28. Nxe4 Bxe4 29. Qd2 Bb7 30. f3 Qd5 31. Rb1 Qf5
32. Rb2 Qg6 33. Kh2 Ra8 34. Ra2 Rxa2 35. Qxa2+ Kh7 36. Qb3 Qf6 37. Ng3 Qg6
38. Bf2 Bc8 39. Qb2 Bd7 40. Be3 Be8 41. Qb3 Bf7 42. Qc3 Qe6 43. Qc2+ Bg6
44. Qc3 Qd5 45. Qb4 Be8 46. Qb1+ Bg6 47. Qb2 Be8 48. Qc2+ Bg6 49. Qe2 Qb3
50. Bf2 Bd3 51. Qe7 Qxb5 52. Be3 Bg6 53. Bf4 Qd5 54. Be3 c6 55. h4 h5 56.
Ne2 Bf7 57. Nf4 Qb3 58. Nh3 Kg8 59. Ng5 Qd5 60. Bf4 Qxd4 61. Qxf7+ 1-0

[Event "World Blitz 2023"]
[Site "Samarkand UZB"]
[Date "2023.12.29"]
[EventDate "2023.12.29"]
[Round "3.70"]
[Result "1-0"]
[White "Sumiya Bilguun"]
[Black "Faustino Oro"]
[WhiteElo "2407"]
[BlackElo "2105"]
[PlyCount "98"]

1. e4 c5 2. Nc3 Nc6 3. Bb5 Nd4 4. Nf3 e6 5. O-O Ne7 6. Nxd4 cxd4 7. Ne2 Qb6
8. a4 a6 9. Bc4 Nc6 10. d3 Be7 11. f4 O-O 12. f5 Ne5 13. Bb3 exf5 14. Rxf5
d6 15. Rf1 Bg4 16. a5 Qb5 17. h3 Bh5 18. g4 Bg6 19. Nxd4 Qc5 20. Be3 Nc6
21. Nf5 Qe5 22. Bf4 Qxb2 23. Nxe7+ Nxe7 24. Qf3 Nc6 25. Qf2 Rad8 26. Bd5
Qc3 27. Rfc1 h5 28. Bd2 Qe5 29. c3 hxg4 30. hxg4 Qe7 31. Kg2 Ne5 32. Qg3
Qd7 33. Rab1 Rb8 34. d4 Nxg4 35. Rh1 Nf6 36. Qh4 Qg4+ 37. Qxg4 Nxg4 38. Rh4
Nf6 39. Rbh1 Bh7 40. Bg5 Nxd5 41. Rxh7 f6 42. Bd2 Ne7 43. R7h5 Kf7 44. Rb1
Rfc8 45. Kf3 Nc6 46. Ke2 Na7 47. Kd3 Nb5 48. c4 Rxc4 49. Kxc4 Na3+ 1-0

[Event "World Blitz 2023"]
[Site "Samarkand UZB"]
[Date "2023.12.29"]
[EventDate "2023.12.29"]
[Round "3.71"]
[Result "0-1"]
[White "Khalil Nafri"]
[Black "Tigran K Harutyunyan"]
[WhiteElo "2151"]
[BlackElo "2407"]
[PlyCount "104"]

1. e4 e5 2. Nf3 Nc6 3. d4 exd4 4. Nxd4 Bc5 5. Be3 Qf6 6. Nb5 Bxe3 7. fxe3
Kd8 8. N1c3 Nge7 9. Qd2 a6 10. Nd4 d6 11. O-O-O Be6 12. h3 Kd7 13. Be2 Rad8
14. Rhf1 Qg6 15. g4 Kc8 16. Nf5 Rhe8 17. Nd5 Bxf5 18. exf5 Qh6 19. Bf3 Qxh3
20. Nf4 Qg3 21. Nh5 Qe5 22. Nf4 g6 23. fxg6 hxg6 24. Nd3 Qe6 25. Kb1 Kb8
26. a3 Nd5 27. Nf4 Nxf4 28. exf4 Qe3 29. Bxc6 Qxd2 30. Rxd2 bxc6 31. Rh2
Re4 32. Rh7 Rf8 33. g5 c5 34. f5 gxf5 35. Rxf5 Rg4 36. Rhxf7 Rxf7 37. Rxf7
Rxg5 38. Rh7 Kb7 39. Ka2 a5 40. Kb3 Rg4 41. Rh5 a4+ 42. Ka2 Rg2 43. c3 Kb6
44. Rh4 Kb5 45. Kb1 d5 46. Kc1 c6 47. Rf4 Re2 48. Rh4 Re4 49. Rh5 Kc4 50.
Rh8 Kb3 51. Rb8+ Ka2 52. Kd2 0-1

[Event "World Blitz 2023"]
[Site "Samarkand UZB"]
[Date "2023.12.29"]
[EventDate "2023.12.29"]
[Round "3.72"]
[Result "0-1"]
[White "Roman Shogdzhiev"]
[Black "Aleksey Grebnev"]
[WhiteElo "2117"]
[BlackElo "2404"]
[PlyCount "150"]

1. e4 c5 2. Nf3 Nc6 3. Bb5 e5 4. O-O Bd6 5. c3 a6 6. Ba4 b5 7. Bc2 Nge7 8.
d4 cxd4 9. cxd4 exd4 10. Nxd4 Nxd4 11. Qxd4 Qc7 12. Qd3 Bxh2+ 13. Kh1 Bd6
14. Nc3 Bb7 15. Be3 Ng6 16. Rad1 Bf4 17. Bxf4 Nxf4 18. Qd4 Ne6 19. Qb4 Qc5
20. Qxc5 Nxc5 21. Rd6 Bc6 22. Nd5 Rc8 23. Nb4 Bb7 24. Rfd1 O-O 25. Nd5 Rfe8
26. Nb6 Rc7 27. f3 Bc6 28. Nd5 Rcc8 29. Nb4 Bb7 30. Bb1 Re6 31. R6d2 Kf8
32. Nd5 Ke8 33. Kg1 Bxd5 34. Rxd5 Rc7 35. Rc1 Rec6 36. Rcd1 Ke7 37. Kf2 d6
38. e5 dxe5 39. Rxe5+ Ne6 40. Be4 Rc5 41. Rxc5 Rxc5 42. Rd2 h6 43. Bd3 Rd5
44. Rd1 Kd6 45. Bc2 Rxd1 46. Bxd1 Kc5 47. Ke3 Nd4 48. Kd3 Nc6 49. Bb3 f6
50. Ke4 Nd4 51. Bd1 a5 52. a3 b4 53. axb4+ axb4 54. Ba4 g6 55. Kd3 Ne6 56.
Ke4 Nd4 57. Be8 g5 58. Bf7 Ne2 59. Kf5 Nf4 60. g4 Nd3 61. b3 Ne5 62. Be6
Nxf3 63. Kxf6 Kd6 64. Bf7 Nd4 65. Bc4 Nc6 66. Bf7 Ne5 67. Be6 Nd3 68. Bc4
Nf2 69. Kf5 Kc5 70. Be6 Kd4 71. Kg6 Ke5 72. Bc8 Kf4 73. Kh5 Ne4 74. Kxh6
Nc5 75. Kg6 Nxb3 0-1

[Event "World Blitz 2023"]
[Site "Samarkand UZB"]
[Date "2023.12.29"]
[EventDate "2023.12.29"]
[Round "3.73"]
[Result "1-0"]
[White "Raymond Song"]
[Black "Nikolay Tregubenko"]
[WhiteElo "2383"]
[BlackElo "1955"]
[PlyCount "82"]

1. d4 Nf6 2. c4 g6 3. g3 Bg7 4. Bg2 O-O 5. Nc3 d6 6. Nf3 c6 7. e4 Nbd7 8.
O-O e5 9. Re1 Qc7 10. h3 a5 11. Be3 Re8 12. Qc2 exd4 13. Nxd4 Nc5 14. b3
Nfd7 15. Rad1 h5 16. f4 Nf6 17. Bf2 Bd7 18. Nf3 Ne6 19. e5 dxe5 20. Nxe5
Rad8 21. f5 Nf8 22. Nxd7 N6xd7 23. fxg6 fxg6 24. Ne4 Ne5 25. Bc5 Nf7 26.
Qf2 Rxd1 27. Rxd1 Ne6 28. Bb6 Qe7 29. Bxa5 c5 30. Bd2 Nd4 31. Kh1 Ne5 32.
Bg5 Qc7 33. Nf6+ Bxf6 34. Qxf6 Qg7 35. Bd5+ Kh7 36. Rf1 Qxf6 37. Rxf6 Ra8
38. Rb6 Kg7 39. Rxb7+ Kf8 40. Bf6 Re8 41. Bg7# 1-0

[Event "World Blitz 2023"]
[Site "Samarkand UZB"]
[Date "2023.12.29"]
[EventDate "2023.12.29"]
[Round "3.74"]
[Result "0-1"]
[White "Felix Xie"]
[Black "Cem Kaan Gokerkan"]
[WhiteElo "2107"]
[BlackElo "2365"]
[PlyCount "110"]

1. Nf3 Nf6 2. b3 g6 3. Bb2 Bg7 4. g3 c5 5. c4 d6 6. Bg2 e5 7. d3 O-O 8. O-O
Nc6 9. Nc3 Re8 10. a3 h6 11. Nd2 Bg4 12. h3 Be6 13. Nd5 Qd7 14. Kh2 Rab8
15. e3 b5 16. Qc2 bxc4 17. bxc4 Ne7 18. Nxf6+ Bxf6 19. Bc3 Bg7 20. Rab1 h5
21. Rxb8 Rxb8 22. Rb1 Rxb1 23. Qxb1 d5 24. Qb8+ Kh7 25. cxd5 Bxd5 26. Qb1
Bxg2 27. Kxg2 Nd5 28. Ba1 h4 29. e4 Nc7 30. Nf3 hxg3 31. fxg3 f6 32. Qb3
Ne6 33. Bc3 Qxd3 34. Qxe6 Qe2+ 35. Kg1 Qxf3 36. Be1 Qxe4 37. Bf2 c4 38. Qc8
a5 39. Qc5 a4 40. h4 Qb1+ 41. Kh2 Qc2 42. Qa7 c3 43. Kg1 Qd1+ 44. Kg2 c2
45. Be3 Qe2+ 46. Kh3 Qf1+ 47. Kh2 c1=Q 48. Bxc1 Qxc1 49. Qxa4 Qd2+ 50. Kh3
Qd3 51. Qa7 e4 52. a4 e3 53. a5 e2 54. Qe7 Qf5+ 55. Kh2 Qf2+ 0-1

[Event "World Blitz 2023"]
[Site "Samarkand UZB"]
[Date "2023.12.29"]
[EventDate "2023.12.29"]
[Round "3.75"]
[Result "1/2-1/2"]
[White "Akmal Fayzullaev"]
[Black "Timur Yonal"]
[WhiteElo "2342"]
[BlackElo "1862"]
[PlyCount "196"]

1. d4 d5 2. c4 e6 3. Nc3 a6 4. cxd5 exd5 5. Bf4 c6 6. e3 Nf6 7. Bd3 Be6 8.
Qc2 Bd6 9. Bg3 Qc7 10. Nf3 Nbd7 11. O-O-O O-O 12. Kb1 Rfc8 13. Ne2 a5 14.
Nf4 Nf8 15. Ng5 Bd7 16. Nh5 Bg4 17. Nxf6+ gxf6 18. Nf3 a4 19. Bf5 Bxf5 20.
Qxf5 Qe7 21. Bxd6 Qxd6 22. Qg4+ Kh8 23. Nh4 Ng6 24. Nf5 Qe6 25. h4 Rg8 26.
Qf3 a3 27. b3 Ne7 28. Nxe7 Qxe7 29. Rc1 Rge8 30. Rc2 Qe6 31. Rh3 Rg8 32.
Rh1 Rg4 33. g3 Rgg8 34. Rhc1 Rgc8 35. Qf4 Kg7 36. g4 Re8 37. g5 f5 38. Qc7
Re7 39. Qf4 Qe4 40. Qd6 Re6 41. Qc7 Re7 42. Qd6 Re6 43. Qc7 Re7 44. Qd6 Re6
45. Qg3 f4 46. exf4 Qxd4 47. f5 Re4 48. h5 Rg4 49. h6+ Kg8 50. Qc7 Rxg5 51.
Qxb7 Rf8 52. Qxc6 Qe5 53. Qc5 Qxf5 54. Qxa3 Qf6 55. Rc8 Qf5+ 56. R8c2 Rg2
57. Qe7 Rxf2 58. Qc5 Rxc2 59. Rxc2 Re8 60. Qg1+ Qg6 61. Qd4 Qe6 62. Rg2+
Kf8 63. Qc5+ Qe7 64. Qxd5 Qe1+ 65. Kb2 Qe3 66. Rc2 Qxh6 67. a4 Qf6+ 68. Ka2
Re1 69. Qa8+ Kg7 70. Qg2+ Kf8 71. Rc8+ Re8 72. Rc2 h5 73. Qg3 h4 74. Qg4
Rd8 75. a5 Ra8 76. b4 Rd8 77. Qc4 Re8 78. Qc5+ Kg7 79. Rg2+ Kh6 80. Qc1+
Kh7 81. Qc4 Qe6 82. Qxe6 Rxe6 83. Kb3 h3 84. Rh2 Re3+ 85. Kc4 f5 86. a6 Ra3
87. b5 f4 88. Kc5 Kg6 89. Kb6 Kg5 90. a7 Kg4 91. Kb7 Kg3 92. Rh1 f3 93.
a8=Q Rxa8 94. Kxa8 Kg2 95. Rb1 f2 96. b6 f1=Q 97. Rxf1 Kxf1 98. b7 h2
1/2-1/2

[Event "World Blitz 2023"]
[Site "Samarkand UZB"]
[Date "2023.12.29"]
[EventDate "2023.12.29"]
[Round "3.76"]
[Result "0-1"]
[White "Mustafokhuja Khusenkhojaev"]
[Black "Jakub Seemann"]
[WhiteElo "2082"]
[BlackElo "2332"]
[PlyCount "136"]

1. d4 Nf6 2. c4 e6 3. g3 c5 4. d5 exd5 5. cxd5 d6 6. Nc3 g6 7. Bg2 Bg7 8.
Nf3 O-O 9. O-O Re8 10. Bf4 h6 11. h4 Na6 12. Re1 Bg4 13. Nd2 Nh5 14. Be3
Rxe3 15. fxe3 Nxg3 16. Nf3 Nf5 17. Qa4 Nxe3 18. Qe4 Qe8 19. Rac1 Nb4 20. a3
Nbc2 21. Rxc2 Qxe4 22. Nxe4 Nxc2 23. Rc1 Nd4 24. Nxd4 Bxd4+ 25. Kf1 Be5 26.
b4 b6 27. Bf3 Bh3+ 28. Kf2 Bd7 29. bxc5 bxc5 30. Rb1 Kg7 31. Rb7 Bf5 32.
Nd2 Bc8 33. Rc7 Ba6 34. Bg4 Kf8 35. Nf3 Bf6 36. Rc6 Bb5 37. Rxd6 Be7 38.
Rc6 Bxc6 39. dxc6 Bd6 40. Bd7 Ke7 41. Nd2 Rb8 42. Nc4 Bc7 43. Ne3 Rb2 44.
Nd5+ Kd6 45. Nf6 Ba5 46. Ne4+ Kd5 47. Nf6+ Ke5 48. Ng4+ Kf4 49. Ne3 Rb3 50.
Nd5+ Ke5 51. Ne3 Bc7 52. Be8 Ke6 53. Nd5 Kd6 54. Bxf7 Rxa3 55. Ne3 Kxc6 56.
Be8+ Kb7 57. Bxg6 a5 58. Be4+ Kb8 59. Nc4 Rc3 60. Bd5 a4 61. Ke1 a3 62. Kd2
Rg3 63. Kc2 Ka7 64. e4 a2 65. Kb2 Rg2+ 66. Ka1 Bd8 67. e5 Re2 68. Na5 Bxa5
0-1